[Event "EU Union-ch U14 16th"]
[Site "Mureck"]
[Date "2018.08.03"]
[Round "3"]
[White "Studener, Simon"]
[Black "Vanderstappen, Louise"]
[Result "1-0"]
[WhiteElo "1639"]
[BlackElo "1358"]
[PlyCount "95"]
[EventDate "2018.08.01"]
[EventType "swiss"]
[EventRounds "9"]
[EventCountry "AUT"]
[SourceTitle "CBM 186 Extra"]
[Source "ChessBase"]
[SourceDate "2018.08.24"]
[SourceVersion "1"]
[SourceVersionDate "2018.08.24"]
[SourceQuality "1"]

1. e4 c5 2. Nf3 d6 3. Bb5+ Bd7 4. Bxd7+ Nxd7 5. c3 Ngf6 6. d3 g6 7. Bf4 Bg7 8. 0-0 Qb6 9. Qd2 Ng4 10. h3 Nge5 11. Nxe5 Nxe5 12. Na3 Qa6 13. Rad1 0-0 14. Qc2 b5 15. c4 b4 16. Nb5 Qa5 17. d4 Nc6 18. dxc5 a6 19. Nxd6 exd6 20. Bxd6 Rfd8 21. Rfe1 Nd4 22. Qd2 Qxa2 23. e5 Nf5 24. Qc2 b3 25. Qc3 Qa4 26. Ra1 Qc6 27. Qxb3 Nd4 28. Qd3 Ne6 29. Qd5 Qxd5 30. cxd5 Nd4 31. Ra4 Nb5 32. f4 Nxd6 33. cxd6 f6 34. Rc4 Bf8 35. Rc6 a5 36. Rec1 fxe5 37. fxe5 Rab8 38. R1c5 Ra8 39. Rb5 a4 40. Rb7 Ra5 41. d7 Rxd5 42. e6 Be7 43. Rc8 Rd6 44. Rbb8 Rxe6 45. Rxd8+ Kf7 46. Re8 Rd6 47. d8Q Bxd8 48. Rexd8 1-0

[Event "AUT-ch U12"]
[Site "St Veit"]
[Date "2016.05.17"]
[Round "7"]
[White "Studener, Simon"]
[Black "Pernerstorfer, Moritz"]
[Result "1-0"]
[WhiteElo "1218"]
[BlackElo "1262"]
[PlyCount "61"]
[EventDate "2016.05.14"]
[EventType "swiss"]
[EventRounds "7"]
[EventCountry "AUT"]
[SourceTitle "CBM 172 Extra"]
[Source "ChessBase"]
[SourceDate "2016.06.21"]
[SourceVersion "1"]
[SourceVersionDate "2016.06.21"]
[SourceQuality "1"]

1. e4 e5 2. Nf3 Nc6 3. d4 exd4 4. Nxd4 Bc5 5. Nxc6 Qf6 6. Qf3 Qxf3 7. gxf3 dxc6 8. Bf4 Bb6 9. Nc3 Be6 10. 0-0-0 Nf6 11. Rg1 Rg8 12. Bg5 Ke7 13. e5 h6 14. Bh4 g5 15. exf6+ Kxf6 16. Bg3 Ke7 17. h4 g4 18. Be2 gxf3 19. Bxf3 Rad8 20. h5 Rd7 21. Bh4+ f6 22. Rde1 Rxg1 23. Rxg1 Kf7 24. Rd1 Rxd1+ 25. Kxd1 Bd4 26. a3 a5 27. Kc1 Bd7 28. Bg3 Be5 29. Bxe5 fxe5 30. Kd2 b5 31. Ne4 1-0